Les taux du change des economies socialistes europeennes: Nature et fonctions (Record no. 1768)

MARC details
000 -LEADER
fixed length control field 00453nam a22001817i 4500
001 - CONTROL NUMBER
control field 1788
003 - CONTROL NUMBER IDENTIFIER
control field OSt
005 - DATE AND TIME OF LATEST TRANSACTION
control field 20170126082259.0
007 - PHYSICAL DESCRIPTION FIXED FIELD--GENERAL INFORMATION
fixed length control field tu
008 - FIXED-LENGTH DATA ELEMENTS--GENERAL INFORMATION
fixed length control field 161220s1986 xxu||||| |||| 00| 0 d
024 7# - OTHER STANDARD IDENTIFIER
Standard number or code 1787
Source of number or code RID
040 ## - CATALOGING SOURCE
Transcribing agency OSt
084 ## - OTHER CLASSIFICATION NUMBER
Classification number 3.25
-- 3.26
-- 9.25
-- 11.71
-- 11.82
Number source z
100 1# - MAIN ENTRY--PERSONAL NAME
Personal name Ricoeur, Nathalie
245 00 - TITLE STATEMENT
Title Les taux du change des economies socialistes europeennes: Nature et fonctions
260 ## - PUBLICATION, DISTRIBUTION, ETC.
Place of publication, distribution, etc. Paris,
Date of publication, distribution, etc. 1986.
300 ## - PHYSICAL DESCRIPTION
Dimensions 30cm
942 ## - ADDED ENTRY ELEMENTS (KOHA)
Koha item type Dissertation
Holdings
Withdrawn status Lost status Damaged status Not for loan Home library Current library Shelving location Date acquired Inventory number Total Checkouts Full call number Barcode Date last seen Price effective from Koha item type
        WIIW WIIW Souterrain 01/12/1995 1788   II-4.521 301786 01/26/2017 01/26/2017 Dissertation
The Vienna Instiute for International Economic Studies (wiiw)